000 00744nab a2200241 u 4500
001 14832
003 HDC
007 cr bn ---aaaaa
008 210216c mydr|nes 0 a may d
040 _aHDC
245 0 _aYasmin dilantikk CEO MDeC
260 _aMalaysia:
_bBerita Harian,
_c2014
336 _atext
_2rdacontent
337 _acomputer
_2rdamedia
338 _aonline resource
_2rdacarrier
650 _adigital sector
_915244
650 _amutltimedia
_915245
710 _aBerita Harian
856 _zRequest full-text at [email protected]
942 _2lcc
942 _cNEWS
942 _kNSWC 004714
999 _c12148
_d12148